| 000 | 00419nam a22001457a 4500 | ||
|---|---|---|---|
| 008 | 160524b xxu||||| |||| 00| 0 eng d | ||
| 020 | _a9966282637 | ||
| 050 | _aT58.6 53 2000 | ||
| 100 |
_aSALEEMI,N.A _d2000 |
||
| 245 |
_aINFORMATION TECHNOLOGY SIMPLIIFIED/ _cSALEEMI,N.A |
||
| 250 | _a3rd.ed | ||
| 260 |
_aKenya; _bsaleemi: _c2000. |
||
| 300 | _avii,358p. | ||
| 942 |
_2lcc _cBOOKS _hT58.6 53 2000 _035 |
||
| 999 |
_c11163 _d11163 |
||